Animaux Orthographe (Singulier) - Statistiques

Statistiques générales
  • Ce quiz a été pris 94 fois
  • Le résultat moyen est 43 sur 45
Statistiques - réponses
Question Tuile Select % Correct
Clique sur la bonne orthographe ! Coala Non
100%
Clique sur la bonne orthographe ! Kaala Non
100%
Clique sur la bonne orthographe ! Kaolo Non
100%
Clique sur la bonne orthographe ! Koalad Non
100%
Clique sur la bonne orthographe ! Koalax Non
100%
Clique sur la bonne orthographe ! Koalla Non
100%
Clique sur la bonne orthographe ! Craucaudile Non
99%
Clique sur la bonne orthographe ! Crocodeal Non
99%
Clique sur la bonne orthographe ! Koalat Non
99%
Clique sur la bonne orthographe ! Crocodil Non
98%
Clique sur la bonne orthographe ! Crocodyle Non
98%
Clique sur la bonne orthographe ! Gorrile Non
98%
Clique sur la bonne orthographe ! Goryle Non
98%
Clique sur la bonne orthographe ! Gorylle Non
98%
Clique sur la bonne orthographe ! Cocodile Non
97%
Clique sur la bonne orthographe ! Crocodiles Non
97%
Clique sur la bonne orthographe ! Gorilla Non
97%
Clique sur la bonne orthographe ! Koala Oui
97%
Clique sur la bonne orthographe ! Koalas Non
97%
Clique sur la bonne orthographe ! Renad Non
97%
Clique sur la bonne orthographe ! Renar Non
97%
Clique sur la bonne orthographe ! Renards Non
97%
Clique sur la bonne orthographe ! Renare Non
97%
Clique sur la bonne orthographe ! Renart Non
97%
Clique sur la bonne orthographe ! Rennar Non
97%
Clique sur la bonne orthographe ! Rennart Non
97%
Clique sur la bonne orthographe ! Crocodille Non
96%
Clique sur la bonne orthographe ! Gorile Non
96%
Clique sur la bonne orthographe ! Gorilles Non
96%
Clique sur la bonne orthographe ! Houmbat Non
96%
Clique sur la bonne orthographe ! Renard Oui
96%
Clique sur la bonne orthographe ! Rennard Non
96%
Clique sur la bonne orthographe ! Woumbate Non
96%
Clique sur la bonne orthographe ! Wobat Non
94%
Clique sur la bonne orthographe ! Wombatte Non
94%
Clique sur la bonne orthographe ! Woubat Non
94%
Clique sur la bonne orthographe ! Wombate Non
92%
Clique sur la bonne orthographe ! Wonbat Non
92%
Clique sur la bonne orthographe ! Gorrille Non
91%
Clique sur la bonne orthographe ! Woumbat Non
91%
Clique sur la bonne orthographe ! Cocrodile Non
90%
Clique sur la bonne orthographe ! Gorillle Non
88%
Clique sur la bonne orthographe ! Crocodile Oui
85%
Clique sur la bonne orthographe ! Gorille Oui
84%
Clique sur la bonne orthographe ! Wombat Oui
81%
Aucun quiz correspondant
Distribution des résultats
% des personnes avec chaque résultat
Percentile par nombre de réponses
Votre historique - résultats
Vous n’avez pas pris ce quiz